Adivina el logo - Argentina 3 - Estadísticas

Estadísticas generales
  • Esta prueba ha sido intentada 45 veces
  • La puntuación promedio es 9 de 16
Estadísticas de respuestas
Imagen Respuesta % Correcto
Adidas
97%
MasterCard
97%
Apple
95%
Excel
86%
Ayudín
73%
Canal América
73%
Espadol
68%
Canal Rural
59%
INCAA
43%
Lucky Strike
41%
RindeDos
41%
Vívere
35%
Havaianas
24%
Garmin
16%
The Who
16%
Estrada
11%
No se encontraron pruebas coincidentes
Distribución de puntuación
Porcentaje de gente con cada puntuación
Porcentaje por número respondido
Historial de tus puntuaciones
No has intentado esta prueba.